Tancuj zbožně

Hlavní autor: Penk, Michal, 1968-
Jazyk: Čeština
Vydáno: [Praha] : Popron, p2013
Témata:
Fyzický popis: 1 zvuková deska : digital ; 12 cm
Zvukové nahrávky
Uloženo v:
LEADER 01526njm a2200409 a 4500
001 001360537
003 CZ BrMZK
005 20140203081639.0
007 sd fsngnnmmned
008 140120s2013 xr munng d cze d
015 |a cnb002520751 
024 3 |a 8590442052207 
028 0 1 |a 55220-2  |b Popron 
040 |a BOA001  |b cze 
045 |a y1y1 
047 |a rc  |a pp 
072 7 |a 784  |x Vokální hudba  |2 Konspekt  |9 9 
080 |a 78.036  |2 MRF 
080 |a 784.4  |2 MRF 
080 |a (086.76)  |2 MRF 
100 1 |a Penk, Michal,  |d 1968-  |7 mzk2002157983  |4 cmp  |4 lyr  |4 arr  |4 sng  |4 oth 
245 1 0 |a Tancuj zbožně  |h [zvukový záznam] /  |c Michal Penk 
260 |a [Praha] :  |b Popron,  |c p2013 
300 |a 1 zvuková deska :  |b digital ;  |c 12 cm 
500 |a V pouzdře texty písní 
500 |a Kompaktní deska 
505 0 0 |t Sráz --  |t Nezchudni --  |t Navzdory --  |t Přichází den  |t (Svoboda) --  |t Hra na lásku --  |t Tančím zbožně --  |t Má to styl --  |t Jenže --  |t Neptej se mě, vodkud jsem, ale kam jdu --  |t Antiwar --  |t Hrabství snobství --  |t Ná --  |t Řekni mi --  |t Součet bolesti  |g (instrumental) 
511 1 |a Michal Penk a hosté 
648 4 |a 2013 
648 7 |a 2011-2020  |7 ch460589  |2 czenas 
650 0 7 |a rock  |7 ph125174  |2 czenas 
650 0 7 |a populární písně  |y 2011-2020  |7 ph124354  |2 czenas 
655 7 |a kompaktní desky  |7 fd201991  |2 czenas 
910 |a BOA001  |b CDR-1315.979 
990 |a AV 
991 |b 201402 
996 6 |b 2610577501  |c CDR-1315.979  |l MZK  |r Sklad / do 24 hodin  |n 0  |p p.v.  |w 001395480  |u 000010  |a 1  |e BOA001  |j MZK50  |s P